Konjugation von ire - Statistiken

Allgemein
  • Dieses Quiz wurde 9 mal gespielt
  • Das Durchschnittsergebnis liegt bei 41 aus 67
Antwortstatistiken
Group Hint Antwort % Korrekt
Imperative Imp. Sg. Präs. Akt. i
100%
Infinitive Inf. Präs. Akt. ire
100%
Präsens 2. Sg. is
88%
Perfekt 1. Sg. Perf. Ind. Akt. ii
75%
Präsens 1. Pl. imus
75%
Präsens 3. Sg. it
75%
Präsens 2. Pl. itis
75%
Präsens 1. Sg. eo
63%
Präsens 3. Pl. eunt
63%
Imperfekt 1. Sg. Impf. Ind. Akt. ibam
63%
Imperfekt 1. Pl. Impf. Ind. Akt. ibamus
63%
Imperfekt 3. Pl. Impf. Ind. Akt. ibant
63%
Imperfekt 2. Sg. Impf. Ind. Akt. ibas
63%
Imperfekt 3. Sg. Impf. Ind. Akt. ibat
63%
Imperfekt 2. Pl. Impf. Ind. Akt. ibatis
63%
Futur I 1. Pl. Fut. Ind. Akt. ibimus
63%
Futur I 2. Sg. Fut. Ind. Akt. ibis
63%
Futur I 3. Sg. Fut. Ind. Akt. ibit
63%
Futur I 2. Pl. Fut. Ind. Akt. ibitis
63%
Futur I 1. Sg. Fut. Ind. Akt. ibo
63%
Futur I 3. Pl. Fut. Ind. Akt. ibunt
63%
Plusquamperfekt 1. Sg. PQP Ind. Akt. ieram
63%
Plusquamperfekt 1. Pl. PQP Ind. Akt. ieramus
63%
Plusquamperfekt 3. Pl. PQP Ind. Akt. ierant
63%
Plusquamperfekt 2. Sg. PQP Ind. Akt. ieras
63%
Plusquamperfekt 3. Sg. PQP Ind. Akt. ierat
63%
Plusquamperfekt 2. Pl. PQP Ind. Akt. ieratis
63%
Perfekt 1. Sg. Perf. Konj. Akt. ierim
63%
Perfekt 1. Pl. Perf. Konj. Akt. ierimus
63%
Futur II 1. Pl. Fut. II Akt. ierimus
63%
Perfekt 3. Pl. Perf. Konj. Akt. ierint
63%
Futur II 3. Pl. Fut. II Akt. ierint
63%
Perfekt 2. Sg. Perf. Konj. Akt. ieris
63%
Futur II 2. Sg. Fut. II Akt. ieris
63%
Perfekt 3. Sg. Perf. Konj. Akt. ierit
63%
Futur II 3. Sg. Fut. II Akt. ierit
63%
Perfekt 2. Pl. Perf. Konj. Akt. ieritis
63%
Futur II 2. Pl. Fut. II Akt. ieritis
63%
Perfekt 3. Pl. Perf. Ind. Akt. ierunt
63%
Perfekt 1. Pl. Perf. Ind. Akt. iimus
63%
Perfekt 3. Sg. Perf. Ind. Akt. iit
63%
Imperfekt 1. Sg. Impf. Konj. Akt. irem
63%
Imperfekt 1. Pl. Impf. Konj. Akt. iremus
63%
Imperfekt 3. Pl. Impf. Konj. Akt. irent
63%
Imperfekt 2. Sg. Impf. Konj. Akt. ires
63%
Imperfekt 3. Sg. Impf. Konj. Akt. iret
63%
Imperfekt 2. Pl. Impf. Konj. Akt. iretis
63%
Infinitive Inf. Perf. Akt. isse
63%
Perfekt 2. Sg. Perf. Ind. Akt. isti
63%
Perfekt 2. Pl. Perf. Ind. Akt. istis
63%
Imperative Imp. Pl. Präs. Akt. ite
63%
Präsens 1. Sg. Präs. Konj. Akt. eam
50%
Präsens 1. Pl. Präs. Konj. Akt. eamus
50%
Präsens 3. Pl. Präs. Konj. Akt. eant
50%
Präsens 2. Sg. Präs. Konj. Akt. eas
50%
Präsens 3. Sg. Präs. Konj. Akt. eat
50%
Präsens 2. Pl. Präs. Konj. Akt. eatis
50%
Partizipien Partizip Präsens Aktiv iens
50%
Futur II 1. Sg. Fut. II Akt. iero
50%
Plusquamperfekt 1. Sg. PQP Konj. Akt. issem
50%
Plusquamperfekt 1. Pl. PQP Konj. Akt. issemus
50%
Plusquamperfekt 3. Pl. PQP Konj. Akt. issent
50%
Plusquamperfekt 2. Sg. PQP Konj. Akt. isses
50%
Plusquamperfekt 3. Sg. PQP Konj. Akt. isset
50%
Plusquamperfekt 2. Pl. PQP Konj. Akt. issetis
50%
Infinitive Inf. Fut. Akt. iturum, -am, -um esse
50%
Partizipien Partizip Futur Aktiv iturus, -a, -um
50%
Keine übereinstimmenden Quizze gefunden
Verteilung der Resultate
Anzahl Personen mit jedem Resultat
Perzentil nach korrekt beantworteten Fragen
Ihre Resultats-Entwicklung
Sie haben dieses Quiz noch nicht gespielt